Associez par clic 40 Sportifs à un Titre de Champion du Monde - Statistiques

Statistiques générales
  • Ce quiz a été pris 70 fois
  • Le résultat moyen est 9 sur 40
Statistiques - réponses
Hint Réponse % Correct
Derrick Rose (USA) Basket-ball (avec son pays) en 2014
71%
Fabian Cancellara (Suisse) Cyclisme Sur Route Contre la Montre 2010
58%
Kenenisa Bekele (Ethiopie) Athlétisme 10000m 2005
53%
Yannick Borel (France) Escrime Epée 2018
50%
LaShawn Merritt (USA) Athlétisme 400m 2013
47%
Joan Capdevila Mendez (Espagne) Football (avec son pays) 2010
42%
Raphaël Poirée (France) Biathlon 20km individuel 2007
39%
Aksel Lund Svindal (Norvège) Ski Alpin Descente 2007
39%
Paolo Bettini (Italie) Cyclisme Sur Route Course en ligne 2006
32%
Emil Hegle Svendsen (Norvège) Biathlon Sprint 2013
29%
Aleksandr Popov (Russie) Natation 100m nage libre 2003
29%
Martin Johnson (Angleterre) Rugby (à XV) (avec son pays) 2003
29%
Tita Razakarisoa (Madagascar) Pétanque en triplette (avec son pays) 2016
26%
Ronnie O'Sullivan (Angleterre) Snooker 2001
26%
Ivica Kostelic (Croatie) Ski Alpin Slalom 2003
21%
Robert Harting (Allemagne) Athlétisme Lancer de Disque 2011
18%
Theo Bos (Pays-Bas) Cyclisme Sur Piste de Vitesse Individuelle 2004
18%
Chris Hoy (UK) Cyclisme Sur Piste du Kilomètre 2002
18%
Aaron Peirsol (USA) Natation 200m dos 2001
18%
Valentin Belaud (France) Pentathlon Moderne 2016
18%
Mario Mola (Espagne) Triathlon (Elite/Général) 2017
18%
Chris Moneymaker (USA) Poker 2003
16%
Gabriel Medina (Bresil) Surf (WCT) 2014
16%
Zhang Jike (Chine) Tennis de Table Simple 2011
16%
Viktor Axelsen (Danemark) Badminton Simple 2017
13%
Shohei Ono (Japon) Judo Poids légers 2015
13%
Stéphane Lambiel (Suisse) Patinage Artistique Solo 2006
13%
Marwan El Shorbagy (Egypte) Squash Simple 2017
13%
Yaroslav Rybakov (Russie) Athlétisme Saut en Hauteur 2009
11%
Marius Daniel Urzicà (Roumanie) Gymnastique Cheval d'arçons 2002
11%
Dmitriy Shokin (Ouzbekistan) Taekwondo Poids Lourd 2015
11%
Mariusz Wlazly (Pologne) Volleyball (avec son pays) 2014
11%
Raymond van Barneveld (Pays-Bas) Fléchettes 2007
8%
Antonio Garcia Robledo (Espagne) Handball (avec son pays) 2013
8%
Dong Dong (Chine) Trampoline Individuel 2013
8%
Ievgueni Malkine (Russie) Hockey Sur Glace (avec son pays) 2012
5%
Pedro Barros (Bresil) Skateboard Park 2018
5%
Jakob Schubert (Autriche) Escalade Difficulté 2018
3%
Alexander Hendrickx (Belgique) Hockey sur Gazon (avec son pays) en 2018
3%
Ian Crocker (USA) Natation du 100m papillon 2005
3%
Aucun quiz correspondant
Distribution des résultats
% des personnes avec chaque résultat
Percentile par nombre de réponses
Votre historique - résultats
Vous n’avez pas pris ce quiz